La Formación profesional y el empleo de los jóvenes en América Latina
Reseña de cuatro eventos que se realizaron durante los meses de abril y mayo de 1988. Estos fueron: a- "Formación y trabajo: haciendo camino", donde se analizaron tres temas: estrategias e instrumentos para la calidad de la formación profesional, formación profesional y empleo de jóvenes y...
Gardado en:
| Formato: | Texto |
|---|---|
| Materias: | |
| Etiquetas: |
Engadir etiqueta
Sen Etiquetas, Sexa o primeiro en etiquetar este rexistro!
|
MARC
| LEADER | 00000 a a2200000 04500 | ||
|---|---|---|---|
| 001 | 6930 | ||
| 003 | |||
| 040 | |||
| 245 | |a La Formación profesional y el empleo de los jóvenes en América Latina | ||
| 520 | |a Reseña de cuatro eventos que se realizaron durante los meses de abril y mayo de 1988. Estos fueron: a- "Formación y trabajo: haciendo camino", donde se analizaron tres temas: estrategias e instrumentos para la calidad de la formación profesional, formación profesional y empleo de jóvenes y formación continua de los trabajadores, b- "Juventud, empleo y desarrollo en América del Sur", donde se conocieron propuestas alternativas para la superación del desempleo y la subocupación y la acción que desarrollan los gobiernos al respecto, c- "Juventud y políticas de empleo en Uruguay" y d- Jornadas: "Los ayuntamientos y el empleo juvenil". MB/EL | ||
| 650 | |a JUVENTUD | ||
| 650 | |a EMPLEO | ||
| 650 | |a FORMACION PROFESIONAL | ||
| 650 | |a POLITICA DE EMPLEO | ||
| 650 | |a DESEMPLEO JUVENIL | ||
| 650 | |a DESEMPLEO ENCUBIERTO | ||
| 650 | |a TRABAJADORES JOVENES | ||
| 773 | |g número 12; páginas 14-17 | ||
| 999 | |c 22394 |d 22394 | ||
